What you need to know about english expressions

This is an open-ended series of ELT reference books on various aspects of English specially planned for intermediate learners who want to get to grips with English. The writer has selected about 700 of the commonest English expressions of this book, and provided clear explanations, numerous example...

Fuld beskrivelse

Đã lưu trong:
Bibliografiske detaljer
Format: Bog
Sprog:Undetermined
Udgivet: Singapore Learners publishing 2003
Fag:
Tags: Tilføj Tag
Ingen Tags, Vær først til at tagge denne postø!
Thư viện lưu trữ: Trung tâm Học liệu Trường Đại học Cần Thơ
LEADER 01006nam a2200205Ia 4500
001 CTU_133175
008 210402s9999 xx 000 0 und d
020 |c 152000 
082 |a 428.1 
082 |b W555 
245 0 |a What you need to know about english expressions 
245 0 |c Consultant editor Anne Seaton ; compiled by Virginia Klein 
260 |a Singapore 
260 |b Learners publishing 
260 |c 2003 
520 |a This is an open-ended series of ELT reference books on various aspects of English specially planned for intermediate learners who want to get to grips with English. The writer has selected about 700 of the commonest English expressions of this book, and provided clear explanations, numerous example sentences and useful language notes. 
650 |a English language,Ngôn ngữ tiếng Anh 
650 |x Glossaries, vocabularies, etc.,Từ khó, từ vựng, v.v.. 
904 |i Trọng Hiếu 
980 |a Trung tâm Học liệu Trường Đại học Cần Thơ